Typing Challenge-ception Quiz Stats

Quiz Updated Jun 2, 2015

Challenge
Share
Tweet
Embed
Score 0/34 Timer 01:00
0 Plays Today
Word(s) Type here % Correct
????
100%
????
99.3%
????
98.8%
????
98.3%
????
98%
????
97.6%
????
97.3%
????
97.1%
????
96.9%
????
96.7%
????
96.4%
????
96%
????
95.6%
????
95.1%
????
94.5%
????
93.7%
????
92.8%
Word(s) Type here % Correct
????
91.7%
????
90.5%
????
89%
????
87.2%
????
85%
????
81.8%
????
78.7%
????
74.7%
????
68.8%
????
62.9%
????
55.4%
????
47.1%
????
36.2%
????
28.3%
????
21%
????
11.2%
????
4.8%

You're not logged in!

Compare scores with friends on all Sporcle quizzes.
Sign Up with Email
OR
Log In

You Might Also Like...

Show Comments

Extras

Top Quizzes Today


Score Distribution

Your Account Isn't Verified!

In order to create a playlist on Sporcle, you need to verify the email address you used during registration. Go to your Sporcle Settings to finish the process.